[Event "Yerevan Asrian Memorial 11th"]
[Site "Yerevan"]
[Date "2018.06.27"]
[Round "7"]
[White "Rakesh, Kumar Jena"]
[Black "Yegiazaryan, Armenak"]
[Result "0-1"]
[WhiteElo "2385"]
[BlackElo "2365"]
[PlyCount "72"]
[EventDate "2018.06.21"]
[EventType "swiss"]
[EventRounds "9"]
[EventCountry "ARM"]
[SourceTitle "CBM 185 Extra"]
[Source "ChessBase"]
[SourceDate "2018.07.29"]
[SourceVersion "1"]
[SourceVersionDate "2018.07.29"]
[SourceQuality "1"]

1. e4 e5 2. Bc4 Nf6 3. d3 c6 4. Nf3 d5 5. Bb3 a5 6. a4 Bb4+ 7. c3 Bd6 8. Bg5 dxe4 9. dxe4 h6 10. Bh4 Qe7 11. Nbd2 Bc7 12. 0-0 g5 13. Bg3 Bg4 14. h3 Bh5 15. Qc2 Nbd7 16. Nd4 Bg6 17. Nf5 Bxf5 18. exf5 0-0-0 19. Rfe1 h5 20. Bc4 h4 21. Bh2 g4 22. Ne4 Nxe4 23. Qxe4 g3 24. fxg3 hxg3 25. Bxg3 Rdg8 26. f6 Qxf6 27. Rf1 Qg5 28. Rxf7 Qxg3 29. Be6 Kb8 30. Rxd7 Rh4 31. Qe2 Re8 32. Rd3 Qg5 33. Bd7 e4 34. Rd4 Rf8 35. Rf1 Rhf4 36. Rdd1 Qg3 0-1

[Event "Yerevan Asrian Memorial 11th"]
[Site "Yerevan"]
[Date "2018.06.24"]
[Round "4"]
[White "Erigaisi, Arjun Kumar"]
[Black "Yegiazaryan, Armenak"]
[Result "1-0"]
[WhiteElo "2505"]
[BlackElo "2365"]
[PlyCount "111"]
[EventDate "2018.06.21"]
[EventType "swiss"]
[EventRounds "9"]
[EventCountry "ARM"]
[SourceTitle "CBM 185 Extra"]
[Source "ChessBase"]
[SourceDate "2018.07.29"]
[SourceVersion "1"]
[SourceVersionDate "2018.07.29"]
[SourceQuality "1"]

1. Nf3 d5 2. c4 c6 3. e3 Nf6 4. b3 Bf5 5. Bb2 e6 6. Be2 h6 7. h3 Bd6 8. d4 0-0 9. Nbd2 a5 10. a3 Nbd7 11. 0-0 Ne4 12. Ne5 Nxd2 13. Qxd2 Bxe5 14. dxe5 Nc5 15. Qc3 Qb6 16. b4 Na4 17. Qb3 axb4 18. axb4 dxc4 19. Bxc4 Nxb2 20. Qxb2 Rxa1 21. Rxa1 Rd8 22. Qc3 Rd7 23. Ra8+ Rd8 24. Ra1 Rd7 25. Be2 Qd8 26. Bf3 Rd2 27. Qc5 Rc2 28. Qd6 Rd2 29. Qxd8+ Rxd8 30. Ra7 Rb8 31. e4 Bg6 32. Kf1 Kf8 33. Ke2 f6 34. exf6 gxf6 35. Ke3 e5 36. Be2 Bf7 37. f4 exf4+ 38. Kxf4 Bg6 39. Bf3 Bf7 40. e5 Kg7 41. Kf5 Bg6+ 42. Ke6 Bf7+ 43. Kd6 fxe5 44. Kxe5 Re8+ 45. Kd6 Re6+ 46. Kc7 Kf6 47. Rxb7 Be8 48. Rb6 Re7+ 49. Kd8 Re6 50. b5 cxb5 51. Rxe6+ Kxe6 52. Kxe8 b4 53. Bd1 Kf6 54. Kf8 Kg5 55. g3 h5 56. h4+ 1-0

[Event "ARM-chT"]
[Site "Yerevan"]
[Date "2018.06.11"]
[Round "4.4"]
[White "Yegiazaryan, Armenak"]
[Black "Mejinian, Edgar"]
[Result "1-0"]
[WhiteElo "2365"]
[BlackElo "2128"]
[PlyCount "71"]
[EventDate "2018.06.08"]
[EventType "team-tourn"]
[EventRounds "7"]
[EventCountry "ARM"]
[SourceTitle "CBM 184 Extra"]
[Source "ChessBase"]
[SourceDate "2018.06.28"]
[SourceVersion "1"]
[SourceVersionDate "2018.06.28"]
[SourceQuality "1"]
[WhiteTeam "Chessify"]
[BlackTeam "Chess Academy"]
[WhiteTeamCountry "ARM"]
[BlackTeamCountry "ARM"]

1. e4 c5 2. Nf3 Nc6 3. d4 cxd4 4. Nxd4 Nf6 5. Nc3 e6 6. Bg5 d6 7. Be2 Be7 8. 0-0 0-0 9. Ndb5 a6 10. Bxf6 gxf6 11. Nd4 Bd7 12. Kh1 b5 13. Nxc6 Bxc6 14. a3 Qb6 15. Bd3 Kh8 16. f4 Rg8 17. Qh5 Rg7 18. Rae1 Rag8 19. Re2 f5 20. Rg1 Bf6 21. exf5 Bd4 22. f6 Bxf6 23. Ne4 Bxe4 24. Bxe4 Bxb2 25. f5 exf5 26. Bxf5 Qd8 27. Re4 Qg5 28. Qh3 Bf6 29. a4 d5 30. Rb4 Qd2 31. Rg4 h6 32. Rxg7 Rxg7 33. axb5 axb5 34. Bd3 Be5 35. Qc8+ Rg8 36. Qf5 1-0

[Event "ARM-chT"]
[Site "Yerevan"]
[Date "2018.06.08"]
[Round "1.3"]
[White "Dilanyan, Grigor"]
[Black "Yegiazaryan, Armenak"]
[Result "0-1"]
[WhiteElo "2230"]
[BlackElo "2365"]
[PlyCount "116"]
[EventDate "2018.06.08"]
[EventType "team-tourn"]
[EventRounds "7"]
[EventCountry "ARM"]
[SourceTitle "CBM 184 Extra"]
[Source "ChessBase"]
[SourceDate "2018.06.28"]
[SourceVersion "1"]
[SourceVersionDate "2018.06.28"]
[SourceQuality "1"]
[WhiteTeam "Ejmiadzin"]
[BlackTeam "Chessify"]
[WhiteTeamCountry "ARM"]
[BlackTeamCountry "ARM"]

1. d4 d5 2. c4 c6 3. Nf3 Nf6 4. Nc3 dxc4 5. a4 Bf5 6. Ne5 Nbd7 7. Nxc4 Nb6 8. Ne5 a5 9. g3 e6 10. Bg2 Bb4 11. 0-0 0-0 12. Nd3 h6 13. Bf4 Nc4 14. Ne5 Nxe5 15. Bxe5 Bg6 16. h3 Ra6 17. Qc1 Rb6 18. Rd1 Qe7 19. Qf4 Nh5 20. Qe3 f6 21. d5 Ra6 22. d6 Qd8 23. Bd4 e5 24. Bc5 Bxc5 25. Qxc5 Qb6 26. Qc4+ Bf7 27. Qg4 g6 28. Qh4 g5 29. Qg4 Ng7 30. Qf3 f5 31. Qd3 Raa8 32. d7 Qc5 33. Rac1 Qe7 34. Qd6 Qxd6 35. Rxd6 Be6 36. Rcd1 Rfd8 37. e4 f4 38. Bf3 Kf7 39. Bg4 Ke7 40. gxf4 gxf4 41. Kg2 h5 42. Bxe6 Nxe6 43. h4 Rg8+ 44. Kh3 Rad8 45. Kh2 Rg4 46. Kh3 f3 47. Kh2 Rg2+ 48. Kh1 Rg4 49. Kh2 Rg2+ 50. Kh1 Rxf2 51. b3 Rc2 52. Nb1 f2 53. Na3 Re2 54. Kg2 Ra2 55. Nc4 b5 56. Nxe5 Rg8+ 57. Kf3 f1Q+ 58. Rxf1 Kxd6 0-1

[Event "Tsaghkadzor op"]
[Site "Tsaghkadzor"]
[Date "2017.11.29"]
[Round "7"]
[White "Gabuzyan, Hovhannes"]
[Black "Yegiazaryan, Armenak"]
[Result "1-0"]
[WhiteElo "2583"]
[BlackElo "2334"]
[PlyCount "108"]
[EventDate "2017.11.23"]
[EventType "swiss"]
[EventRounds "9"]
[EventCountry "ARM"]
[SourceTitle "CBM 181 Extra"]
[Source "ChessBase"]
[SourceDate "2017.12.12"]
[SourceVersion "1"]
[SourceVersionDate "2017.12.12"]
[SourceQuality "1"]

1. Nf3 Nf6 2. g3 d5 3. Bg2 e6 4. 0-0 Be7 5. d3 0-0 6. Nbd2 a5 7. Re1 c5 8. a4 Nc6 9. e4 b6 10. exd5 exd5 11. d4 Bg4 12. dxc5 bxc5 13. Nf1 h6 14. Bf4 Bd6 15. Bxd6 Qxd6 16. Ne3 Rad8 17. Nxg4 Nxg4 18. Nh4 Nge5 19. b3 c4 20. Nf5 Qc5 21. bxc4 dxc4 22. Qe2 Ng6 23. Qh5 Nce5 24. Rad1 c3 25. Ne3 Nd3 26. Qxc5 Nxc5 27. Nd5 Nxa4 28. Ra1 Nc5 29. Rxa5 Ne6 30. Ra3 Nd4 31. Rxc3 Rc8 32. Rxc8 Rxc8 33. Rd1 Nxc2 34. Be4 Rc4 35. Ne7+ Kh7 36. Bd3 Rc3 37. Nd5 Rc5 38. h4 Kg8 39. Be4 Rc4 40. Ne7+ Kf8 41. Bd3 Rc3 42. Nxg6+ fxg6 43. Bxg6 Nb4 44. Rd7 Rc8 45. Bf5 Re8 46. Bg6 Rc8 47. Bf7 Nc6 48. Be6 Re8 49. Rf7+ Kg8 50. Bd5 Ne5 51. Rf3+ Kh7 52. Re3 Re7 53. f4 Nc6 54. Re4 Nb8 1-0

[Event "Tsaghkadzor op"]
[Site "Tsaghkadzor"]
[Date "2017.11.26"]
[Round "4"]
[White "Yegiazaryan, Armenak"]
[Black "Mikaelyan, Arman"]
[Result "1-0"]
[WhiteElo "2334"]
[BlackElo "2503"]
[PlyCount "161"]
[EventDate "2017.11.23"]
[EventType "swiss"]
[EventRounds "9"]
[EventCountry "ARM"]
[SourceTitle "CBM 181 Extra"]
[Source "ChessBase"]
[SourceDate "2017.12.12"]
[SourceVersion "1"]
[SourceVersionDate "2017.12.12"]
[SourceQuality "1"]

1. e4 e5 2. Nf3 Nc6 3. d4 exd4 4. Nxd4 Bc5 5. Be3 Qf6 6. c3 Nge7 7. Bc4 0-0 8. 0-0 Ne5 9. Bb3 Qg6 10. Nf5 Nxf5 11. exf5 Qb6 12. Bxc5 Qxc5 13. Nd2 d5 14. Nf3 Nc4 15. f6 gxf6 16. Nd4 Qd6 17. Re1 Ne5 18. Qh5 c5 19. Nf5 Bxf5 20. Qxf5 Rad8 21. Re3 Ng6 22. Qh5 Qf4 23. Rh3 h6 24. Bxd5 Qg5 25. Bxb7 Nf4 26. Qxg5+ hxg5 27. Re3 Rd2 28. b3 Rfd8 29. Ba6 Rd1+ 30. Re1 Rxa1 31. Rxa1 Rd2 32. Kf1 Nd5 33. Bb7 Nxc3 34. Rc1 Ne2 35. Rxc5 Nf4 36. Ke1 Re2+ 37. Kd1 Rxa2 38. Rc2 Ra5 39. Bc6 Nd3 40. Ke2 Nb4 41. Rc3 Ra2+ 42. Kf3 Kg7 43. Be4 Ra3 44. Kg4 Ra2 45. f4 f5+ 46. Kxf5 Ra5+ 47. Kg4 f5+ 48. Bxf5 Nd5 49. b4 Nf6+ 50. Kxg5 Ne4+ 51. Kg4 Nf6+ 52. Kf3 Rxf5 53. Rc7+ Kg6 54. Rxa7 Rb5 55. Ra4 Rd5 56. Ra3 Rd4 57. b5 Rb4 58. g4 Nd5 59. Ra6+ Kf7 60. Ra7+ Kf6 61. Ra6+ Kf7 62. f5 Rb3+ 63. Kf2 Rxb5 64. Kg3 Rb3+ 65. Kh4 Rb2 66. h3 Nf6 67. Ra7+ Kg8 68. Kg5 Nh7+ 69. Kh5 Rb5 70. Ra6 Kg7 71. Rg6+ Kf7 72. Kh6 Nf6 73. Rg7+ Ke8 74. Ra7 Rb3 75. Kg7 Rb6 76. Rf7 Ne4 77. f6 Re6 78. Rf8+ Kd7 79. f7 Re7 80. Ra8 Kd6 81. Re8 1-0

[Event "Tsaghkadzor op"]
[Site "Tsaghkadzor"]
[Date "2017.11.23"]
[Round "1"]
[White "Onischuk, Vladimir"]
[Black "Yegiazaryan, Armenak"]
[Result "1-0"]
[WhiteElo "2639"]
[BlackElo "2334"]
[PlyCount "113"]
[EventDate "2017.11.23"]
[EventType "swiss"]
[EventRounds "9"]
[EventCountry "ARM"]
[SourceTitle "CBM 181 Extra"]
[Source "ChessBase"]
[SourceDate "2017.12.12"]
[SourceVersion "1"]
[SourceVersionDate "2017.12.12"]
[SourceQuality "1"]

1. e4 e5 2. Nf3 Nc6 3. Bb5 a6 4. Ba4 Nf6 5. 0-0 Be7 6. d3 b5 7. Bb3 d6 8. a3 0-0 9. Nc3 Na5 10. Ba2 Be6 11. Bd2 Bxa2 12. Rxa2 Nc6 13. a4 Rb8 14. Nd5 Qd7 15. Re1 Nxd5 16. exd5 Nd8 17. axb5 axb5 18. d4 f6 19. Ra7 Rb7 20. Rxb7 Nxb7 21. Qa1 Nd8 22. Qa6 Re8 23. c4 bxc4 24. Qxc4 Nf7 25. Rc1 e4 26. Ne1 Qf5 27. Qb5 Rc8 28. Nc2 Rf8 29. Ne3 Qc8 30. Qc6 Bd8 31. Ra1 Qb8 32. b4 g6 33. Ra8 Qb6 34. Qxb6 cxb6 35. b5 f5 36. Nc4 Bc7 37. Ra6 Rc8 38. Kf1 Bd8 39. Ra4 g5 40. g3 Kg7 41. Ke2 Kg6 42. f3 exf3+ 43. Kxf3 Bf6 44. Ke3 f4+ 45. gxf4 gxf4+ 46. Kd3 f3 47. Ra1 f2 48. Be3 Bh4 49. Rf1 Rf8 50. Bxf2 Ng5 51. Ke2 Nf3 52. Be3 Rc8 53. Nxd6 Rd8 54. Nc4 Ng5 55. Ne5+ Kh5 56. Rf6 Rxd5 57. Rxb6 1-0

[Event "Yerevan Asrian Memorial 10th"]
[Site "Yerevan"]
[Date "2017.06.25"]
[Round "5"]
[White "Smirnov, Pavel"]
[Black "Yegiazaryan, Armenak"]
[Result "1-0"]
[WhiteElo "2589"]
[BlackElo "2301"]
[PlyCount "129"]
[EventDate "2017.06.21"]
[EventType "swiss"]
[EventRounds "9"]
[EventCountry "ARM"]
[SourceTitle "EXT 2018"]
[Source "ChessBase"]
[SourceDate "2017.10.13"]
[SourceVersion "1"]
[SourceVersionDate "2017.10.13"]
[SourceQuality "1"]

1. d4 d5 2. c4 c6 3. cxd5 cxd5 4. Bf4 Nc6 5. e3 Nf6 6. Nc3 e6 7. Bd3 a6 8. Rc1 Bd6 9. Bxd6 Qxd6 10. f4 Bd7 11. Nf3 Ng4 12. Qd2 f5 13. 0-0 0-0 14. h3 Nf6 15. Ne5 b5 16. Ne2 Rfc8 17. Rc5 Nd8 18. Rfc1 Nb7 19. Rxc8+ Rxc8 20. Rxc8+ Bxc8 21. Qc2 Bd7 22. Nc1 Na5 23. Nb3 Nxb3 24. axb3 Kf8 25. g4 g6 26. g5 Ne8 27. h4 Ke7 28. Qc5 Nc7 29. b4 Be8 30. Kf2 Na8 31. Qa7+ Nc7 32. Bc2 Kf8 33. Qc5 Qxc5 34. dxc5 Ke7 35. Ke1 Na8 36. Kd2 Nc7 37. Kd3 Na8 38. Kd4 Nc7 39. Nf3 Na8 40. Ke5 Nc7 41. Nd4 Bd7 42. h5 Be8 43. h6 Bd7 44. Bd3 Be8 45. Nf3 Bf7 46. Kd4 Be8 47. Ne5 Na8 48. Bf1 Nc7 49. Be2 Na8 50. b3 Nc7 51. Bd3 Na8 52. Bf1 Nc7 53. Be2 Na8 54. c6 Kd6 55. Nd7 Nc7 56. Nf6 Bxc6 57. Nxh7 e5+ 58. fxe5+ Ke7 59. Nf6 Ne6+ 60. Kd3 Nxg5 61. h7 Nf7 62. Kd4 Kf8 63. e6 Nh8 64. Ke5 Be8 65. Kd6 1-0

[Event "Yerevan Asrian Memorial 10th"]
[Site "Yerevan"]
[Date "2017.06.23"]
[Round "3"]
[White "Pashikian, Arman"]
[Black "Yegiazaryan, Armenak"]
[Result "1-0"]
[WhiteElo "2603"]
[BlackElo "2301"]
[PlyCount "119"]
[EventDate "2017.06.21"]
[EventType "swiss"]
[EventRounds "9"]
[EventCountry "ARM"]
[SourceTitle "EXT 2018"]
[Source "ChessBase"]
[SourceDate "2017.10.13"]
[SourceVersion "1"]
[SourceVersionDate "2017.10.13"]
[SourceQuality "1"]

1. d4 d5 2. Nf3 Nf6 3. c4 c6 4. Nc3 dxc4 5. a4 Bf5 6. Ne5 Nbd7 7. Nxc4 Nb6 8. e3 e6 9. a5 Nxc4 10. Bxc4 Ne4 11. Qb3 Rb8 12. Nxe4 Bxe4 13. f3 Bd5 14. e4 Bxc4 15. Qxc4 a6 16. 0-0 Bd6 17. Bd2 0-0 18. f4 c5 19. d5 exd5 20. Qxd5 Bc7 21. Qxd8 Rbxd8 22. Bc3 Rfe8 23. Ra4 f6 24. g3 Rd7 25. Kf2 Kf7 26. Rc4 Bd8 27. Re1 Be7 28. e5 fxe5 29. Rxe5 Bf8 30. Rxe8 Kxe8 31. Re4+ Kf7 32. Kf3 g6 33. Re5 Rd1 34. Ke4 Rh1 35. Rd5 Ke8 36. h4 Rg1 37. Kf3 Be7 38. h5 Rh1 39. hxg6 hxg6 40. g4 Rf1+ 41. Ke4 Rg1 42. g5 Rg2 43. Rd1 Rh2 44. Be5 Rh4 45. Kd5 Kf7 46. Rd3 Rh1 47. Rb3 Rd1+ 48. Kc4 Rd7 49. Rh3 Bd8 50. Bc3 Ke6 51. Rh8 Bc7 52. Rf8 Rf7 53. Rxf7 Kxf7 54. Kxc5 Ke6 55. b4 Bd8 56. Bf6 Bc7 57. Be5 Bd8 58. Bd6 Kd7 59. Kd5 b6 60. b5 1-0

[Event "Yerevan Asrian Memorial 10th"]
[Site "Yerevan"]
[Date "2017.06.21"]
[Round "1"]
[White "Avagyan, Gor V"]
[Black "Yegiazaryan, Armenak"]
[Result "0-1"]
[WhiteElo "1463"]
[BlackElo "2301"]
[PlyCount "90"]
[EventDate "2017.06.21"]
[EventType "swiss"]
[EventRounds "9"]
[EventCountry "ARM"]
[SourceTitle "EXT 2018"]
[Source "ChessBase"]
[SourceDate "2017.10.13"]
[SourceVersion "1"]
[SourceVersionDate "2017.10.13"]
[SourceQuality "1"]

1. d4 Nf6 2. c4 e6 3. Nf3 b6 4. Nc3 Bb7 5. e3 d5 6. cxd5 Nxd5 7. Nxd5 Qxd5 8. Bd3 Bd6 9. Bd2 0-0 10. Qe2 Be7 11. 0-0 Nd7 12. a3 Nf6 13. Rac1 c5 14. Ba6 Ne4 15. Bxb7 Qxb7 16. Rfd1 Bf6 17. Rc2 cxd4 18. Nxd4 Bxd4 19. exd4 Rfc8 20. Rdc1 Rxc2 21. Rxc2 Nf6 22. h3 Rc8 23. Rxc8+ Qxc8 24. Bc3 Nd5 25. Qd2 Qc4 26. Qc1 h6 27. Qf1 Qb3 28. Qc1 a5 29. Qd2 Qc4 30. f3 Kf8 31. Kf2 Qa4 32. Ke2 Ke8 33. Kf2 Kd7 34. Kg1 Qc4 35. Qc1 b5 36. Bd2 Qxd4+ 37. Kh2 b4 38. axb4 axb4 39. Qc2 b3 40. Qd1 g5 41. Kh1 Qd3 42. Kg1 Qc2 43. Qxc2 bxc2 44. g3 Nb4 45. Kf1 Na2 0-1

[Event "ARM-ch 1st League 78th"]
[Site "Yerevan"]
[Date "2016.11.06"]
[Round "13"]
[White "Sargsyan, Shant"]
[Black "Yegiazaryan, Armenak"]
[Result "0-1"]
[WhiteElo "2440"]
[BlackElo "2243"]
[PlyCount "99"]
[EventDate "2016.10.24"]
[EventType "tourn"]
[EventRounds "13"]
[EventCountry "ARM"]
[EventCategory "7"]
[SourceTitle "CBM 175 Extra"]
[Source "ChessBase"]
[SourceDate "2016.12.12"]
[SourceVersion "1"]
[SourceVersionDate "2016.12.12"]
[SourceQuality "1"]

1. d4 d5 2. c4 c6 3. Nf3 Nf6 4. Nc3 dxc4 5. a4 Bf5 6. Ne5 Nbd7 7. Nxc4 Nb6 8. Ne5 a5 9. f3 Nfd7 10. Nxd7 Bxd7 11. e4 e5 12. Be3 Bb4 13. dxe5 Qc7 14. Be2 Be6 15. Kf2 Nd7 16. f4 Nc5 17. Rc1 Rd8 18. Qc2 Bb3 19. Qb1 g5 20. g3 gxf4 21. gxf4 Qe7 22. h4 Ne6 23. Bg4 Bc5 24. Ne2 Bxe3+ 25. Kxe3 Qd7 26. Bxe6 Qd2+ 27. Kf2 fxe6 28. Rc3 Bd1 29. Rxd1 Qxd1 30. Qxd1 Rxd1 31. Rb3 Rd7 32. f5 Rf8 33. Ng3 Kf7 34. Kf3 Ke8 35. Kf4 Kd8 36. h5 h6 37. f6 Rg8 38. Nf5 exf5 39. Kxf5 Rg5+ 40. Ke6 Ke8 41. Rf3 Rd4 42. Rf4 Kf8 43. f7 Rg7 44. b3 b6 45. Rf6 Rxe4 46. Rxh6 Rxf7 47. Rh8+ Kg7 48. Rb8 Rf6+ 49. Kd7 Rxe5 50. Rxb6 0-1

[Event "ARM-ch 1st League 78th"]
[Site "Yerevan"]
[Date "2016.11.02"]
[Round "9"]
[White "Harutyunian, Tigran K"]
[Black "Yegiazaryan, Armenak"]
[Result "1-0"]
[WhiteElo "2495"]
[BlackElo "2243"]
[PlyCount "61"]
[EventDate "2016.10.24"]
[EventType "tourn"]
[EventRounds "13"]
[EventCountry "ARM"]
[EventCategory "7"]
[SourceTitle "CBM 175 Extra"]
[Source "ChessBase"]
[SourceDate "2016.12.12"]
[SourceVersion "1"]
[SourceVersionDate "2016.12.12"]
[SourceQuality "1"]

1. c4 e6 2. g3 d5 3. Bg2 Nf6 4. Nf3 Be7 5. 0-0 0-0 6. d4 Nbd7 7. Qc2 c6 8. Nbd2 b5 9. c5 Ne8 10. e4 f5 11. exd5 exd5 12. Re1 g6 13. Nb3 Bf6 14. Ne5 Nb8 15. a4 b4 16. a5 Ba6 17. Bd2 Bb5 18. a6 Qc8 19. Na5 Bg7 20. Qb3 Nf6 21. Nb7 Bxa6 22. Nd6 Qc7 23. Bxb4 Ne4 24. Ba5 Qe7 25. Nxc6 Qe6 26. Qxd5 Qxd5 27. Ne7+ Kh8 28. Nxd5 Nc6 29. Bc3 Bd3 30. Nf4 Bc2 31. Ne6 1-0

[Event "ARM-ch 1st League 78th"]
[Site "Yerevan"]
[Date "2016.10.30"]
[Round "7"]
[White "Yegiazaryan, Armenak"]
[Black "Hovhannisyan, Karen G"]
[Result "0-1"]
[WhiteElo "2243"]
[BlackElo "2251"]
[PlyCount "130"]
[EventDate "2016.10.24"]
[EventType "tourn"]
[EventRounds "13"]
[EventCountry "ARM"]
[EventCategory "7"]
[SourceTitle "CBM 175 Extra"]
[Source "ChessBase"]
[SourceDate "2016.12.12"]
[SourceVersion "1"]
[SourceVersionDate "2016.12.12"]
[SourceQuality "1"]

1. e4 c5 2. Nf3 g6 3. d4 cxd4 4. Qxd4 Nf6 5. Qa4 Nc6 6. Bb5 Bg7 7. Nc3 0-0 8. e5 Ne8 9. Bf4 a6 10. Bxc6 dxc6 11. Rd1 Qb6 12. Qa3 Bg4 13. Na4 Qa5+ 14. b4 Qc7 15. Qe3 a5 16. e6 Nd6 17. Nb6 Bxe6 18. Nxa8 Rxa8 19. a3 axb4 20. axb4 Bc4 21. Nd2 e5 22. Bg3 Ba6 23. Qb3 c5 24. c4 cxb4 25. 0-0 Nxc4 26. Rfe1 Nxd2 27. Rxd2 Qc3 28. Qd1 Bc4 29. Re3 Ra1 30. Rd8+ Bf8 31. Rxc3 Rxd1+ 32. Rxd1 bxc3 33. Rc1 f6 34. Rxc3 b5 35. f3 Kf7 36. Bf2 Ke6 37. Rc1 Bh6 38. Rb1 f5 39. Bb6 Kd5 40. Kf2 Bd3 41. Ra1 e4 42. fxe4+ fxe4 43. Be3 Bf8 44. Ra8 Bd6 45. Rd8 Kc6 46. Rc8+ Kd7 47. Rh8 b4 48. Rxh7+ Kc6 49. Bd4 b3 50. Rh8 Kd5 51. Bb2 Bc5+ 52. Kg3 e3 53. Kf3 e2 54. Bc3 Kc4 55. Be1 b2 56. Rb8 b1Q 57. Rxb1 Bxb1 58. Kxe2 Kd5 59. Kf3 Be4+ 60. Kg4 Bxg2 61. h4 Bf1 62. Kg5 Bd3 63. h5 Be3+ 64. Kh4 g5+ 65. Kg4 Be2+ 0-1

[Event "ARM-ch 1st League 78th"]
[Site "Yerevan"]
[Date "2016.10.25"]
[Round "2"]
[White "Mikaelyan, Arman"]
[Black "Yegiazaryan, Armenak"]
[Result "1/2-1/2"]
[WhiteElo "2449"]
[BlackElo "2243"]
[PlyCount "127"]
[EventDate "2016.10.24"]
[EventType "tourn"]
[EventRounds "13"]
[EventCountry "ARM"]
[EventCategory "7"]
[SourceTitle "CBM 175 Extra"]
[Source "ChessBase"]
[SourceDate "2016.12.12"]
[SourceVersion "1"]
[SourceVersionDate "2016.12.12"]
[SourceQuality "1"]

1. e4 e5 2. Nf3 Nc6 3. Bb5 a6 4. Ba4 Nf6 5. 0-0 b5 6. Bb3 Bc5 7. a4 Bb7 8. d3 h6 9. Nc3 b4 10. Nd5 Na5 11. Nxe5 Nxb3 12. cxb3 Nxd5 13. exd5 0-0 14. Qh5 Qe7 15. Nc4 f5 16. Qf3 Qf7 17. Ne5 Bxd5 18. Nxf7 Bxf3 19. Ne5 Bc6 20. Be3 Bd6 21. Nxc6 dxc6 22. Rac1 Rf6 23. g3 Rd8 24. Rc4 Be7 25. d4 g5 26. Re1 Kf7 27. f4 Re6 28. Bf2 Rxe1+ 29. Bxe1 c5 30. dxc5 a5 31. Bf2 Rd1+ 32. Kg2 Rd2 33. Rd4 Rxb2 34. Rd5 Kg6 35. c6 gxf4 36. Rxa5 fxg3 37. hxg3 Rxb3 38. Rb5 Rc3 39. Be1 Rxc6 40. Bxb4 Bxb4 41. Rxb4 Kf6 42. Kf3 Ke5 43. Rb5+ Ke6 44. Ra5 Rc3+ 45. Kf4 Rc4+ 46. Ke3 c6 47. Ra8 Re4+ 48. Kd2 Kf6 49. a5 Ra4 50. Rc8 Kg5 51. Rxc6 Ra3 52. Rc4 Rxa5 53. Ke3 Ra3+ 54. Kf2 Rb3 55. Ra4 Kf6 56. Ra6+ Kg5 57. Ra4 Rb6 58. Kf3 Re6 59. Rb4 Re4 60. Rb8 Ra4 61. Rg8+ Kf6 62. Rf8+ Kg6 63. Rg8+ Kf7 64. Rb8 1/2-1/2

[Event "Yerevan op 1st"]
[Site "Yerevan"]
[Date "2016.10.02"]
[Round "1"]
[White "Yegiazaryan, Armenak"]
[Black "Mkrtchyan, Levon"]
[Result "1-0"]
[WhiteElo "2243"]
[BlackElo "1765"]
[PlyCount "99"]
[EventDate "2016.10.02"]
[EventType "swiss"]
[EventRounds "9"]
[EventCountry "ARM"]
[SourceTitle "EXT 2017"]
[Source "ChessBase"]
[SourceDate "2016.10.25"]
[SourceVersion "1"]
[SourceVersionDate "2016.10.25"]
[SourceQuality "1"]

1. d4 Nf6 2. c4 c5 3. d5 b5 4. cxb5 a6 5. bxa6 Bxa6 6. Nc3 d6 7. e4 Bxf1 8. Kxf1 g6 9. Nge2 Bg7 10. Bg5 0-0 11. Bxf6 Bxf6 12. h4 Nd7 13. h5 Ne5 14. Rc1 Qb6 15. b3 Qa6 16. Rh3 c4 17. bxc4 Nxc4 18. Kg1 Rfc8 19. hxg6 hxg6 20. Nd4 Qb6 21. Nc6 Na5 22. Rb1 Qa6 23. Qf3 Nxc6 24. dxc6 Qa3 25. Nd5 Qxf3 26. Rxf3 Kg7 27. c7 Bd4 28. Rfb3 e6 29. Rb8 exd5 30. Rxa8 Rxc7 31. exd5 Rc2 32. Rf1 Kf6 33. Ra4 Bc5 34. Rf4+ Kg7 35. a4 Ra2 36. g3 g5 37. Rg4 Kg6 38. Kg2 f5 39. Rc4 Kf6 40. g4 fxg4 41. Rxg4 Kf5 42. Rc4 Ke5 43. Kf3 Kxd5 44. Rg4 Ke6 45. Rxg5 Rxa4 46. Kg3 Ra3+ 47. Kg4 Ra2 48. Re1+ Kd7 49. f4 Rg2+ 50. Kh5 1-0